000 00599nam a2200181 i 4500
001 63689
003 ES-MaACL
005 20230906164937.0
007 t|
008 031215s1968 sp ||||1| spa d
100 1 _aFichte, Johann Gottlieb (
_d1762-1814)
_950677
245 1 0 _aDiscursos a la nación alemana /
_cJohann Gottlieb Fichte ; introducción de Alwin Diemer ; traducción de Angel Juan Martín.
260 _aMadrid :
_bTaurus,
_c[1968]
300 _a262 p. ;
_c21 cm.
700 1 _aDiemer, Alwin.
_944600
700 1 _aMartín, Angel Juan.
_977267
852 _aES-MaACL
_jC-35243
_bR.67713
999 _c63689
_d63689